000 01664cam a2200181 4500500
005 20260322004535.0
041 _afre
042 _adc
100 1 0 _aBerhili, Saad-Ellah
_eauthor
700 1 0 _aHanchane, Saïd
_eauthor
700 1 0 _aZiroili, Mustapha
_eauthor
245 0 0 _aLabor market segmentation and barriers to occupational mobility: Formal versus informal employment
260 _c2026.
500 _a63
520 _a‪Given that segmentation of the Moroccan labor market is reflected in particular in the predominance of precarious informal employment among wage-earners, occupational mobility becomes an issue of even greater economic and social importance. Drawing on an original combination of two individual panel datasets (one based on the employment survey conducted by the High Commission for Planning, the other on the household panel of the National Observatory of Human Development), this article analyzes patterns of occupational mobility, in particular transitions between precarious informal employment and jobs providing access to social protection. By examining transitions to and from unemployment and inactivity, the study identifies the factors that hinder such movements: for men, initial entry into precarious employment; for women, the scarcity of accessible decent jobs, which often leads them to withdraw from the labor market and remain inactive. Conversely, higher levels of vocational training facilitate access to decent jobs.‪
786 0 _nFormation emploi | - | 1 | 2026-02-04 | p. 165-195 | 0759-6340
856 4 1 _uhttps://shs.cairn.info/journal-formation-emploi-2026-1-page-165?lang=en&redirect-ssocas=7080
999 _c1741145
_d1741145